| 000 | 01069nam a22002417a 4500 | ||
|---|---|---|---|
| 005 | 20240530110627.0 | ||
| 008 | 170109s2013 ua b g b 000 0 ara d | ||
| 017 |
_a14070/2011 _bمصر. دار الكتب |
||
| 020 | _a9789772735702 | ||
| 040 |
_aEG-CaGPL _cEG-CaGPL |
||
| 082 | 0 | 4 |
_221 _a953.0724\ _bح ت |
| 100 | 0 | _aحمدى عبدالمنعم محمد حسين | |
| 245 | 1 | 2 |
_aالتاريخ السياسى و الحضارى للمغرب و الاندلس فى عصر المرابطين / _cحمدى عبدالمنعم محمد حسين |
| 260 |
_aالاسكندرية : _bدار المعرفة الجامعية ، _c2013. |
||
| 300 |
_a418 ص. : _bخرائط ؛ _c24 سم. |
||
| 504 | _aيشتمل على ارجاعات ببليوجرافية | ||
| 650 | 0 | 7 |
_2qrmak _aالمماليك _xتاريخ |
| 651 | 0 | 7 |
_2qrmak _aالاندلس _xتاريخ _xالمرابطون |
| 651 | 0 | 7 |
_2qrmak _aالاندلس _xتاريخ |
| 651 | 0 | 7 |
_2qrmak _aالمغرب _xتاريخ _yالعصر الاسلامى |
| 942 |
_2ddc _cBK |
||
| 999 |
_c63180 _d63180 |
||